| 000 | 00825nam a2200241 u 4500 | ||
|---|---|---|---|
| 005 | 20240925064709.0 | ||
| 008 | 150602s1992 es r 000 0 spa d | ||
| 020 | _a8476583354 | ||
| 035 | _aUPN01000203987 | ||
| 049 | _aCG | ||
| 050 | 4 |
_aHM24 _bC6.22 |
|
| 100 | 1 |
_aColom González , Francisco _937339 |
|
| 245 | 1 | 4 |
_aLas caras del leviatán : _buna lectura política de la teoría crítica / _cFrancisco Colom González. |
| 260 |
_aBarcelona, Esp. : _bAnthropos : _bUAM-Iztapalapa, _c1992. |
||
| 300 | _a301 p. | ||
| 440 | 0 |
_aPensamiento crítico / Pensamiento utópico ; _v65 _pFilosofía política |
|
| 650 | 4 |
_aESCUELA DE SOCIOLOGIA DE FRANKFURT _91001 |
|
| 650 | 4 |
_aTeoría crítica _91000 |
|
| 650 | 4 |
_aFilosofía alemana _97273 |
|
| 650 | 4 |
_aPoder (Ciencias sociales) _91203 |
|
| 905 | _aLibro | ||
| 999 |
_c176088 _d176088 |
||